[Event "Qatar Masters Open 2024"]
[Site "Doha QAT"]
[Date "2024.12.04"]
[Round "2.47"]
[White "Jaiveer, Mahendru"]
[Black "Rakhmatullaev, Almas"]
[Result "1/2-1/2"]
[WhiteTitle "FM"]
[BlackTitle "IM"]
[WhiteElo "2271"]
[BlackElo "2410"]
[WhiteFideId "25611151"]
[BlackFideId "14205793"]
[EventDate "2024.12.03"]

1. e4 c5 2. Nf3 d6 3. d4 cxd4 4. Nxd4 Nf6 5. Nc3 a6 6. Be3 e5 7. Nf3 Be7 8. h3
h6 9. Bc4 Nbd7 10. a4 b6 11. g4 Bb7 12. Nd2 Qc7 13. Qf3 Rc8 14. h4 d5 15. Nxd5
Nxd5 16. exd5 Nc5 17. g5 e4 18. Qxf7+ Kxf7 19. d6+ Kf8 20. dxc7 hxg5 21. O-O-O
gxh4 22. Bf4 g5 23. Be5 Rh6 24. Nb3 Ne6 25. Nd4 Nxd4 26. Rxd4 Bf6 27. Bxf6 Rxf6
28. Rd7 b5 29. axb5 axb5 30. Bd5 Ke8 31. Rd8+ Ke7 32. Bxb7 Rxc7 33. Rg8 Rxb7 34.
Rg7+ Rf7 35. Rxg5 Rxf2 36. Rxh4 Kf6 37. Rg3 Rc7 38. c3 Ra7 39. Kb1 Re7 40. Re3
Kf5 41. Kc1 Rg2 42. Kb1 Rg4 43. Rxg4 Kxg4 44. Kc2 Kf4 45. Kd2 Rh7 46. Re1 Rh3
47. Rf1+ Rf3 48. Rxf3+ exf3 49. Ke1 Ke3 50. b3 Kd3 51. c4 bxc4 52. bxc4 Kxc4 53.
Kf2 Kd4 54. Kxf3 1/2-1/2

[Event "Qatar Masters Open 2024"]
[Site "Doha QAT"]
[Date "2024.12.04"]
[Round "2.48"]
[White "Ahmad, Khagan"]
[Black "Vignesh Advaith Vemula"]
[Result "1/2-1/2"]
[WhiteTitle "IM"]
[WhiteElo "2403"]
[BlackElo "2276"]
[WhiteFideId "13431552"]
[BlackFideId "25792059"]
[EventDate "2024.12.03"]

1. Nf3 Nf6 2. c4 e6 3. d4 d5 4. g3 Be7 5. Bg2 O-O 6. O-O c6 7. Qc2 b6 8. b3 Nbd7
9. Rd1 Ba6 10. Nbd2 c5 11. e4 dxc4 12. e5 Nd5 13. bxc4 Nb4 14. Qe4 cxd4 15. Nxd4
Qc7 16. a3 Nc5 17. Qxa8 Rxa8 18. axb4 Bb7 19. bxc5 Bxg2 20. Kxg2 Bxc5 21. N4f3
Qc6 22. Nb3 Bf8 23. Rd4 a5 24. Ba3 Bxa3 25. Rxa3 h6 26. Nd2 a4 27. Ne4 Kh7 28.
h4 Ra7 29. h5 Rd7 30. Rd6 Rxd6 31. exd6 f5 32. Ned2 Qxd6 33. Rxa4 e5 34. Ra8 Qc6
35. Rd8 f4 36. Rd5 fxg3 37. Nxe5 Qe8 38. Ng6 b5 39. Kxg3 bxc4 40. Rf5 Qb8+ 41.
Kf3 c3 42. Ne4 c2 43. Rc5 Qb1 44. Rc8 Qh1+ 45. Kg4 1/2-1/2

[Event "Qatar Masters Open 2024"]
[Site "Doha QAT"]
[Date "2024.12.04"]
[Round "2.50"]
[White "Yakubboev, Nodirbek"]
[Black "Abdulla, Murad"]
[Result "1-0"]
[WhiteTitle "GM"]
[BlackTitle "FM"]
[WhiteElo "2668"]
[BlackElo "2321"]
[WhiteFideId "14203987"]
[BlackFideId "2403757"]
[EventDate "2024.12.03"]

1. d4 Nf6 2. Nf3 c5 3. d5 b5 4. Bg5 Qb6 5. a4 b4 6. e3 g6 7. a5 Qb7 8. Bc4 d6 9.
Qd3 Bg7 10. e4 O-O 11. O-O h6 12. Bc1 Nbd7 13. h3 a6 14. Nbd2 Ne8 15. Bb3 Nc7
16. Nc4 Nb5 17. Be3 Qc7 18. Rfc1 Bb7 19. c3 bxc3 20. bxc3 Rae8 21. Ncd2 e6 22.
c4 Na7 23. Ra2 f5 24. exf5 gxf5 25. Nf1 e5 26. Nh4 Qd8 27. Nxf5 e4 28. Qb1 Rxf5
29. Ng3 Rff8 30. Bc2 Bc8 31. Bxe4 Ne5 32. Ra3 Bd7 33. f4 Nf7 34. Nh5 Qh4 35.
Bh7+ Kh8 36. Nxg7 Kxg7 37. Bd2 Ne5 38. fxe5 Qf2+ 39. Kh2 Qxd2 40. Qg6+ Kh8 41.
Rg3 Re7 42. Rf1 Rfe8 43. Rf7 1-0

[Event "Qatar Masters Open 2024"]
[Site "Doha QAT"]
[Date "2024.12.04"]
[Round "2.51"]
[White "Baradaran Tamadon, Arian"]
[Black "Lodici, Lorenzo"]
[Result "0-1"]
[WhiteTitle "FM"]
[BlackTitle "GM"]
[WhiteElo "2334"]
[BlackElo "2564"]
[WhiteFideId "12595837"]
[BlackFideId "884189"]
[EventDate "2024.12.03"]

1. e4 c5 2. Nf3 d6 3. d4 cxd4 4. Nxd4 Nf6 5. Nc3 a6 6. Be2 e6 7. g4 b5 8. g5
Nfd7 9. a3 Bb7 10. Nb3 Nc6 11. Be3 Rc8 12. f4 Nc5 13. Bf3 Na4 14. Nxa4 bxa4 15.
Nd2 Na5 16. c3 Bc6 17. h4 Be7 18. f5 O-O 19. Qe2 d5 20. f6 gxf6 21. gxf6 Bxf6
22. Bg5 d4 23. c4 d3 24. Qg2 Bxg5 25. hxg5 Qd4 26. Qh2 Qg7 27. Rc1 Rfd8 28. Rc3
Nb7 29. e5 Nc5 30. Bxc6 Rxc6 31. Qf4 Rb8 32. Qd4 Rxb2 33. g6 fxg6 34. O-O Rc8
35. Nf3 Re2 36. Rxd3 Nxd3 37. Qxd3 Qa7+ 38. Kh1 Rf2 39. Rg1 Rf8 40. Ng5 Qb7+ 41.
Ne4 R2f5 42. Qd4 Rh5+ 43. Kg2 Rh4 44. Re1 Rff4 45. Kg3 Rxe4 46. Qd8+ Kg7 47.
Qf6+ Kh6 48. Rxe4 Rxe4 49. Qf8+ Qg7 0-1

[Event "Qatar Masters Open 2024"]
[Site "Doha QAT"]
[Date "2024.12.04"]
[Round "2.52"]
[White "Pham Tran Gia Phuc"]
[Black "Omar, Noaman"]
[Result "1-0"]
[WhiteTitle "IM"]
[BlackTitle "IM"]
[WhiteElo "2445"]
[BlackElo "2315"]
[WhiteFideId "12415669"]
[BlackFideId "9300244"]
[EventDate "2024.12.03"]

1. e4 e6 2. d4 d5 3. e5 c5 4. c3 Nc6 5. Nf3 Bd7 6. Be2 f6 7. O-O fxe5 8. Nxe5
Nxe5 9. dxe5 Qc7 10. Re1 O-O-O 11. Bf1 Nh6 12. a4 Nf7 13. Na3 a6 14. b4 cxb4 15.
Nb5 axb5 16. axb5 Qb6 17. Be3 Bc5 18. Bxc5 Qxc5 19. cxb4 Qxb4 20. Ra4 Qb2 21.
Re2 Qxb5 22. Rc2+ Qc6 23. Bb5 Qxc2 24. Ra8+ Kc7 25. Qxc2+ Bc6 26. Ra7 Nxe5 27.
Qb2 Kb6 28. Bxc6+ 1-0

[Event "Qatar Masters Open 2024"]
[Site "Doha QAT"]
[Date "2024.12.04"]
[Round "2.53"]
[White "Jani, Kushal R"]
[Black "Abdurakhmonov, Mukhammadali"]
[Result "1/2-1/2"]
[BlackTitle "IM"]
[WhiteElo "2326"]
[BlackElo "2395"]
[WhiteFideId "25679988"]
[BlackFideId "14207346"]
[EventDate "2024.12.03"]

1. d4 Nf6 2. c4 e6 3. Nf3 b6 4. a3 Ba6 5. Qc2 c5 6. d5 exd5 7. cxd5 g6 8. e4
Bxf1 9. Kxf1 d6 10. g3 Bg7 11. Kg2 O-O 12. Nc3 Re8 13. Re1 Qd7 14. Bf4 Na6 15.
Bxd6 Qxd6 16. e5 Qd7 17. exf6 Bxf6 18. Ne4 Bg7 19. d6 Nb8 20. Rad1 Nc6 21. Re2
Rad8 22. Rde1 h6 23. Qc4 Ne5 24. Qd5 Nxf3 25. Kxf3 Kh8 26. Kg2 Re5 27. Qd3 Qc6
28. Kg1 f5 29. Nc3 Rxd6 30. Qc4 Rxe2 31. Rxe2 Qd7 32. Qf4 Kh7 33. h4 b5 34. Re3
h5 35. Qf3 b4 36. axb4 cxb4 37. Ne2 Bxb2 38. Rb3 Ba3 39. Nf4 a5 40. Rb1 Kg7 41.
Qa8 a4 42. Re1 b3 43. Re8 Qf7 44. Rb8 Rd1+ 45. Kh2 b2 46. Qxa4 b1=Q 47. Rxb1
Rxb1 48. Qxa3 Qb7 49. Ng2 Kh7 50. Qe3 Ra1 51. Qe6 Rf1 52. Qe2 Rb1 53. Qe3 Rb3
54. Qd4 Rb4 55. Qc5 Ra4 56. Qe3 Qa7 57. Qxa7+ Rxa7 58. Nf4 Kh6 59. Nh3 Kg7 60.
Kg2 Ra3 61. Nf4 Ra5 62. Nh3 Kf6 63. Kf3 Ra3+ 64. Kg2 Rb3 65. Kh2 Ke5 66. Kg2 Rb4
67. Kf3 Ra4 68. Kg2 Ke4 69. Nf4 Ra6 70. Nh3 Kd3 71. Nf4+ Kd2 72. Kf3 Ke1 73. Kg2
Rd6 74. Nh3 Rd2 75. Kg1 Ra2 76. Nf4 Rd2 77. Nh3 Rd4 78. Kg2 Ra4 79. Kg1 Ke2 80.
Kg2 Rb4 81. Ng1+ Kd2 82. Nh3 Ke1 83. Kg1 Rb2 84. Nf4 Rd2 85. Nh3 Rd4 86. Kg2 Rc4
87. Kg1 Kd2 88. Kg2 Rb4 89. Kf3 Ra4 90. Kg2 Kd3 91. Kf3 Rb4 92. Nf4+ Kd2 93.
Nxg6 Ke1 94. Nf4 Kf1 95. Nxh5 Rb2 96. Kf4 Rxf2+ 97. Kg5 Rf3 98. Nf4 Kf2 99. h5
Kxg3 100. Ng6 f4 101. Nxf4 Rxf4 102. h6 Rh4 103. Kg6 Kf4 104. h7 Ke5 105. Kg7
Rxh7+ 106. Kxh7 1/2-1/2

[Event "Qatar Masters Open 2024"]
[Site "Doha QAT"]
[Date "2024.12.04"]
[Round "2.54"]
[White "Bharadia Yash"]
[Black "Ezat, Mohamed"]
[Result "1-0"]
[WhiteTitle "CM"]
[BlackTitle "IM"]
[WhiteElo "2385"]
[BlackElo "2312"]
[WhiteFideId "45087822"]
[BlackFideId "10600906"]
[EventDate "2024.12.03"]

1. e4 e5 2. Nf3 Nc6 3. Bb5 a6 4. Ba4 Nf6 5. O-O Be7 6. Re1 b5 7. Bb3 O-O 8. a4
d5 9. axb5 dxe4 10. bxc6 exf3 11. Qxf3 e4 12. Qe2 Bf5 13. Ra5 Bg6 14. Nc3 Bd6
15. h3 Qe8 16. Qc4 Qc8 17. Qd4 Rb8 18. Bc4 Rb6 19. b3 Rxc6 20. Bb2 Rd8 21. Nd5
Bf8 22. Nxf6+ Rxf6 23. Qe3 Rf5 24. Rea1 Rxa5 25. Rxa5 Bb4 26. Rd5 Rxd5 27. Bxd5
Qd7 28. Bxe4 Qxd2 29. Bxg6 hxg6 30. Qxd2 Bxd2 31. Kf1 Bb4 32. Ke2 f6 33. Kd3 c6
34. Kc4 Be7 35. Bc3 Kf7 36. Bb4 Bd8 37. Bd6 Bb6 38. f3 Ke6 39. Bf8 Kf7 40. Bc5
Bc7 41. Ba3 Bd8 42. Bd6 Bb6 43. c3 Ke6 44. Bf8 Kf7 45. Bc5 Bd8 46. Kb4 Ke6 47.
Ka4 g5 48. c4 Bc7 49. Be3 Kd7 50. Bc5 Ke6 51. Bf2 Kd7 52. Kb4 Kc8 53. Kc5 Kb7
54. Be1 Bh2 55. Ba5 Bg3 56. Bd8 Kc8 57. Ba5 Kb7 58. Bc3 Kc7 59. Ba5+ Kb7 60. Kd4
Kc8 61. Ke4 Kd7 62. Kf5 Ke7 63. Kg6 Kf8 64. Bb4+ Kg8 65. Bc5 Be1 66. Be3 Bg3 67.
Bd2 Bd6 68. Be1 Be5 69. Bf2 Bc7 70. h4 gxh4 71. Bxh4 Be5 72. Bf2 Bc3 73. f4 Bb2
74. Be3 Bc3 75. g4 Bb2 76. Bc5 Bc3 77. g5 Bb2 78. Be7 fxg5 79. fxg5 Bc3 80. Bc5
Bd2 81. Kf5 Kh7 82. b4 a5 83. b5 cxb5 84. cxb5 g6+ 85. Kf6 Bf4 86. b6 a4 87. b7
Bb8 88. Ke6 Kg8 89. Bd6 Ba7 90. b8=Q+ Bxb8 91. Bxb8 a3 92. Be5 a2 93. Ba1 1-0

[Event "Qatar Masters Open 2024"]
[Site "Doha QAT"]
[Date "2024.12.04"]
[Round "2.55"]
[White "Sriansh Das"]
[Black "Pham, Le Thao Nguyen"]
[Result "1/2-1/2"]
[BlackTitle "IM"]
[WhiteElo "2315"]
[BlackElo "2384"]
[WhiteFideId "45030081"]
[BlackFideId "12401226"]
[EventDate "2024.12.03"]

1. e4 c6 2. d4 d5 3. Nd2 dxe4 4. Nxe4 Nf6 5. Nxf6+ exf6 6. c3 Qe7+ 7. Be3 g6 8.
Be2 Bg7 9. Nf3 O-O 10. O-O Nd7 11. Re1 Nb6 12. c4 Rd8 13. Qb3 Bf8 14. a3 Be6 15.
Rad1 Qc7 16. Qc3 Bg7 17. Qc1 Bf5 18. Nh4 Be6 19. g3 g5 20. Ng2 h6 21. Qc2 Nc8
22. f4 Qd7 23. Bd3 Nd6 24. Bf2 Bh3 25. Qc1 Rac8 26. b3 a6 27. Qc2 Kh8 28. Qd2
Bg4 29. Be2 Bh3 30. Bd3 Bg4 1/2-1/2

[Event "Qatar Masters Open 2024"]
[Site "Doha QAT"]
[Date "2024.12.04"]
[Round "2.56"]
[White "Bukreev, Stanislav"]
[Black "Moosavifar, Seyed Abolfazl"]
[Result "0-1"]
[WhiteTitle "FM"]
[BlackTitle "FM"]
[WhiteElo "2384"]
[BlackElo "2308"]
[WhiteFideId "34252347"]
[BlackFideId "42548195"]
[EventDate "2024.12.03"]

1. d4 Nf6 2. c4 e6 3. Nf3 d5 4. Nc3 Bb4 5. Qb3 c5 6. dxc5 Nc6 7. Bg5 h6 8. Bxf6
Qxf6 9. cxd5 exd5 10. e3 O-O 11. Bb5 d4 12. Bxc6 dxc3 13. Qxb4 cxb2 14. Rb1 bxc6
15. Qxb2 Qf5 16. Rc1 Ba6 17. Qa3 Bb5 18. Nd4 Qg6 19. g3 Bd3 20. f3 Rad8 21. Kf2
Rfe8 22. Rhd1 Rxd4 23. exd4 Re2+ 24. Kf1 Bb5 25. Kg1 Qh5 26. h4 Qg6 27. g4 Qf6
28. Re1 Qxd4+ 29. Kh1 Qf2 0-1

[Event "Qatar Masters Open 2024"]
[Site "Doha QAT"]
[Date "2024.12.04"]
[Round "2.57"]
[White "Panda, Sambit"]
[Black "Bagwe, Gaurang"]
[Result "1-0"]
[WhiteTitle "IM"]
[BlackTitle "FM"]
[WhiteElo "2381"]
[BlackElo "2302"]
[WhiteFideId "25091794"]
[BlackFideId "45039895"]
[EventDate "2024.12.03"]

1. d4 Nf6 2. c4 e6 3. Nc3 Bb4 4. e3 O-O 5. Bd3 d5 6. a3 Bxc3+ 7. bxc3 dxc4 8.
Bxc4 c5 9. Ne2 Qc7 10. Ba2 e5 11. O-O Nc6 12. d5 Na5 13. c4 b6 14. Bb2 Ba6 15.
Rc1 Ne8 16. e4 Qe7 17. f4 Nd6 18. Ng3 f6 19. fxe5 fxe5 20. Nf5 Nxf5 21. exf5 Qf6
22. Qg4 Rae8 23. Rce1 Rf7 24. Re4 Rfe7 25. Bc1 h6 26. Qh5 Qf7 27. Qe2 Qf6 28.
Rg4 Rf7 29. g3 Ref8 30. Bb2 Bc8 31. Bxe5 Re8 32. Re4 Qg5 33. h4 Qd8 34. Bc3 Rxe4
35. Qxe4 Nb7 36. f6 gxf6 37. Bb1 Nd6 38. Qf4 Bh3 39. Rf2 Qe7 40. Kh2 Bd7 41.
Qxh6 Nf5 42. Bxf5 Bxf5 43. Rxf5 Qe2+ 44. Kh3 Rg7 45. Qh5 Qe3 46. Be5 Qg1 47.
Qe8+ 1-0

[Event "Qatar Masters Open 2024"]
[Site "Doha QAT"]
[Date "2024.12.04"]
[Round "2.58"]
[White "Heinemann, Josefine"]
[Black "Kamalidenova, Meruert"]
[Result "1/2-1/2"]
[WhiteTitle "WGM"]
[BlackTitle "IM"]
[WhiteElo "2305"]
[BlackElo "2378"]
[WhiteFideId "12900460"]
[BlackFideId "13712802"]
[EventDate "2024.12.03"]

1. e4 c5 2. Nf3 d6 3. Bb5+ Bd7 4. Bxd7+ Qxd7 5. c4 e5 6. Nc3 Nc6 7. a3 Be7 8.
O-O Bd8 9. Rb1 Nge7 10. b4 O-O 11. d3 f5 12. exf5 Nxf5 13. Qe2 cxb4 14. axb4 Bb6
15. Nd5 Ncd4 16. Nxd4 Bxd4 17. Qe4 Rae8 18. b5 Re6 19. Be3 Kh8 20. Rbe1 Ree8 21.
h3 Bc5 22. Bxc5 dxc5 23. Ra1 b6 24. Ra2 Nd6 25. Qg4 Qf7 26. Rfa1 Nc8 27. Re1 Nd6
28. Rea1 Nc8 29. Re1 Nd6 30. Rea1 1/2-1/2

[Event "Qatar Masters Open 2024"]
[Site "Doha QAT"]
[Date "2024.12.04"]
[Round "2.59"]
[White "Zhukova, Natalia"]
[Black "Nurgaliyev, Sauat"]
[Result "1/2-1/2"]
[WhiteTitle "GM"]
[BlackTitle "IM"]
[WhiteElo "2302"]
[BlackElo "2374"]
[WhiteFideId "14101513"]
[BlackFideId "13726285"]
[EventDate "2024.12.03"]

1. c4 c5 2. Nf3 Nc6 3. d4 cxd4 4. Nxd4 Nf6 5. Nc3 e6 6. g3 Qb6 7. Ndb5 Ne5 8.
Bg2 a6 9. Qa4 Rb8 10. Na3 h5 11. O-O h4 12. Bf4 hxg3 13. Bxg3 Rh5 14. Rab1 Qb4
15. Qxb4 Bxb4 16. Nc2 Be7 17. b4 b6 18. c5 Bb7 19. cxb6 Bxg2 20. Kxg2 Rxb6 21.
b5 axb5 22. Nxb5 Kf8 23. Nc7 Bc5 24. Ne3 Ke7 25. a4 Bxe3 26. fxe3 Rxb1 27. Rxb1
Nc4 28. Nb5 Nxe3+ 29. Kg1 Ne4 30. a5 Nd5 31. a6 Nxg3 32. hxg3 Nb6 33. Nc7 Kd6
34. Nxe6 fxe6 1/2-1/2

[Event "Qatar Masters Open 2024"]
[Site "Doha QAT"]
[Date "2024.12.04"]
[Round "2.60"]
[White "Nayak, Rajesh"]
[Black "Arun, Kataria"]
[Result "1-0"]
[WhiteTitle "CM"]
[BlackTitle "FM"]
[WhiteElo "2292"]
[BlackElo "2370"]
[WhiteFideId "35017152"]
[BlackFideId "46630368"]
[EventDate "2024.12.03"]

1. e4 c5 2. Nf3 d6 3. d4 cxd4 4. Nxd4 Nf6 5. Nc3 a6 6. Bg5 e6 7. f4 Qb6 8. Qd2
Nc6 9. O-O-O Nxd4 10. Qxd4 Qxd4 11. Rxd4 Bd7 12. Be2 Bc6 13. Bf3 Nd7 14. Rhd1 h6
15. Bh4 g5 16. fxg5 Be7 17. Bg3 hxg5 18. h3 Ne5 19. Be2 O-O-O 20. a4 Rdg8 21. b4
Be8 22. b5 a5 23. b6 f6 24. Nb5 Bxb5 25. axb5 Kd7 26. Ra4 Ra8 27. c4 Rhc8 28.
Bf2 Bd8 29. c5 Ke7 30. Rxd6 Nd7 31. Rxd7+ Kxd7 32. Kb2 Rcb8 33. Bg3 e5 34. Bg4+
Ke7 35. Bf2 Kf7 36. Kb3 Be7 37. c6 bxc6 38. bxc6 Bd8 39. b7 Ra6 40. Bd7 Rb6+ 41.
Bxb6 Bxb6 42. Kc4 Rd8 43. Kb5 Bc7 44. Rxa5 Ke7 45. Ra8 Rb8 46. Ka6 1-0

[Event "Qatar Masters Open 2024"]
[Site "Doha QAT"]
[Date "2024.12.04"]
[Round "2.61"]
[White "Aitbayev, Aslan"]
[Black "Bhagat Kush"]
[Result "1/2-1/2"]
[WhiteTitle "IM"]
[BlackTitle "FM"]
[WhiteElo "2369"]
[BlackElo "2288"]
[WhiteFideId "13704613"]
[BlackFideId "46672940"]
[EventDate "2024.12.03"]

1. e4 c5 2. Nf3 e6 3. c3 Nf6 4. e5 Nd5 5. g3 Nc6 6. Bg2 d6 7. exd6 Bxd6 8. O-O
Qb6 9. Na3 Be7 10. Nc4 Qa6 11. Ne3 Nxe3 12. dxe3 O-O 13. e4 e5 14. Re1 Be6 15.
Ng5 Bc4 16. Qh5 h6 17. Nf3 Bf6 18. Be3 Qb5 19. b3 Be6 20. g4 Qa5 21. g5 hxg5 22.
Bxg5 g6 23. Qh4 Bg7 24. Rad1 f6 25. Rd6 Rae8 26. Be3 Qxa2 27. Qg3 Bf7 28. Bxc5
Rd8 29. Rxc6 bxc6 30. Bxf8 Kxf8 31. Nh4 Qxb3 32. Nxg6+ Bxg6 33. Qxg6 Qxc3 34.
Rb1 Qc2 35. Rb7 Qc1+ 36. Bf1 Qg5+ 37. Qxg5 fxg5 38. Rxa7 Rd4 39. Rc7 Rxe4 40.
Rxc6 Rg4+ 41. Bg2 e4 42. h3 Rf4 43. Rc4 Bf6 44. Bxe4 g4 45. hxg4 Rxg4+ 46. Kf1
Rf4 47. Ke2 Ke7 48. f3 Be5 49. Ra4 Rf8 50. Ra7+ Kd6 51. Kd3 Rd8 52. Ke3 Rf8 53.
Ra6+ Kd7 54. Bd5 Rf6 55. Ra8 Bc7 56. Kd4 Rf4+ 57. Be4 Rf6 58. Kc5 Ke7 59. Rc8
Kd7 60. Rg8 Ke7 61. Bd5 Bd6+ 62. Kd4 Rf4+ 63. Be4 Rf8 64. Rg2 Rf6 65. Kd5 Bc7
66. Rg7+ Rf7 67. Rg5 Rf6 68. Bf5 Bf4 69. Rg7+ Rf7 70. Rg4 Rxf5+ 71. Ke4 Rf7 72.
Rxf4 Rxf4+ 73. Kxf4 Kf6 74. Ke4 Ke6 75. f4 Kf6 76. f5 Kf7 77. Ke5 Ke7 78. f6+
Kf7 79. Kf5 Kf8 80. Ke6 Ke8 81. f7+ Kf8 82. Kf6 1/2-1/2

[Event "Qatar Masters Open 2024"]
[Site "Doha QAT"]
[Date "2024.12.04"]
[Round "2.62"]
[White "Omonov, Asrorjon"]
[Black "Fandi, Mazen"]
[Result "0-1"]
[WhiteTitle "FM"]
[WhiteElo "2360"]
[BlackElo "2278"]
[WhiteFideId "14212552"]
[BlackFideId "7611625"]
[EventDate "2024.12.03"]

1. d4 Nf6 2. c4 e6 3. Nc3 d5 4. cxd5 exd5 5. Bg5 Nbd7 6. e3 c6 7. Bd3 Be7 8.
Nge2 O-O 9. h3 Re8 10. O-O a5 11. Qc2 h6 12. Bf4 Bf8 13. Bh2 b5 14. Ng3 Ba6 15.
Rfe1 Bd6 16. Nf5 Bxh2+ 17. Kxh2 c5 18. g4 b4 19. Bxa6 bxc3 20. Bf1 Qb8+ 21. Kg1
g6 22. Nxh6+ Kg7 23. g5 Ne4 24. Bg2 Qxb2 25. Bxe4 Rxe4 26. Qa4 Ne5 27. Rab1 Nf3+
28. Kg2 Nxe1+ 29. Rxe1 Qb7 30. f3 Rh4 31. Kg3 Rxh6 32. gxh6+ Kxh6 33. dxc5 Qc7+
34. Qf4+ Qxf4+ 35. Kxf4 Rc8 36. Ke5 Rxc5 37. Kd4 Rc8 38. Rc1 c2 39. Kxd5 Kg5 40.
Ke4 Kh4 41. f4 Kg3 42. h4 f5+ 43. Kd3 Kf2 44. a4 Rd8+ 45. Kc3 Kxe3 0-1

[Event "Qatar Masters Open 2024"]
[Site "Doha QAT"]
[Date "2024.12.04"]
[Round "2.63"]
[White "Daakshin, Arun"]
[Black "Wafa, Hamed"]
[Result "1-0"]
[WhiteTitle "FM"]
[BlackTitle "IM"]
[WhiteElo "2286"]
[BlackElo "2359"]
[WhiteFideId "366195016"]
[BlackFideId "10628452"]
[EventDate "2024.12.03"]

1. d4 Nf6 2. c4 e6 3. Nf3 b6 4. Bf4 Bb7 5. e3 Be7 6. Nc3 Bb4 7. Bd3 Bxc3+ 8.
bxc3 d6 9. Qe2 Be4 10. Bxe4 Nxe4 11. Qc2 f5 12. h4 Nd7 13. g4 Qe7 14. gxf5 exf5
15. d5 g6 16. Nd4 Nec5 17. f3 Ne5 18. O-O-O Kd7 19. Rhg1 Kc8 20. Bg5 Qf7 21. Qe2
Kb7 22. Nb3 Ned7 23. Qb2 a5 24. Bf4 Nxb3+ 25. axb3 a4 26. b4 Rhe8 27. Rd4 Ne5
28. Qe2 a3 29. Kb1 Qd7 30. Ka2 Qa4 31. Rc1 Nf7 32. c5 b5 33. c4 dxc5 34. cxb5
Nd6 35. Rxc5 Rac8 36. Qd3 Ra8 37. Rdc4 Rec8 38. Rxc7+ Rxc7 39. Rxc7+ Kxc7 40.
Qc3+ Kd8 41. Bxd6 Ra7 42. Qf6+ Kc8 43. Qf8+ Kd7 44. Qe7+ Kc8 45. Qe8+ 1-0

[Event "Qatar Masters Open 2024"]
[Site "Doha QAT"]
[Date "2024.12.04"]
[Round "2.64"]
[White "Garv, Rai"]
[Black "Tyurin, Artem"]
[Result "0-1"]
[BlackTitle "FM"]
[WhiteElo "2277"]
[BlackElo "2356"]
[WhiteFideId "35049593"]
[BlackFideId "44130112"]
[EventDate "2024.12.03"]

1. d4 Nf6 2. Bf4 d5 3. e3 e6 4. Nf3 c5 5. Nbd2 Qb6 6. Rb1 Bd6 7. dxc5 Qxc5 8. b4
Qc7 9. Bxd6 Qxd6 10. c4 O-O 11. Be2 b6 12. O-O a5 13. a3 axb4 14. axb4 Nc6 15.
Qb3 Qe7 16. Rfc1 Bd7 17. Bf1 Rfc8 18. Qb2 Be8 19. Nd4 Nxd4 20. Qxd4 e5 21. Qb2
Bc6 22. h3 h6 23. Ra1 Rxa1 24. Rxa1 Ra8 25. Rxa8+ Bxa8 26. Qa1 Bb7 27. Qa4 d4
28. exd4 exd4 29. Qb5 Qc7 30. Nb3 Bc6 31. Qa6 Bb7 32. Qa1 Qe7 33. b5 0-1

[Event "Qatar Masters Open 2024"]
[Site "Doha QAT"]
[Date "2024.12.04"]
[Round "2.65"]
[White "Sliwicka, Alicja"]
[Black "George Samir, David"]
[Result "1/2-1/2"]
[WhiteTitle "WGM"]
[BlackTitle "FM"]
[WhiteElo "2346"]
[BlackElo "2272"]
[WhiteFideId "1150677"]
[BlackFideId "10657789"]
[EventDate "2024.12.03"]

1. e4 c5 2. Nf3 d6 3. d4 cxd4 4. Nxd4 Nf6 5. Nc3 a6 6. Be3 Ng4 7. Bg5 h6 8. Bc1
Nc6 9. Nxc6 bxc6 10. Be2 Nf6 11. f4 Qb6 12. Qd3 e5 13. Be3 Qc7 14. O-O Be7 15.
Na4 Rb8 16. c4 O-O 17. b3 d5 18. cxd5 cxd5 19. exd5 e4 20. Qc4 Qa5 21. Rfd1 Rb4
22. Bd2 Rxc4 23. Bxa5 Rc2 24. Bc4 Bd6 25. Rd2 Rxd2 26. Bxd2 Re8 27. Re1 Bb7 28.
Be3 Bxd5 29. Rd1 Bxc4 30. Rxd6 Ng4 31. Bd2 e3 32. Be1 Be6 33. h3 Nf6 34. Nc5 Bf5
35. g4 Bb1 36. a4 Ne4 37. Nxe4 Rxe4 38. Rxa6 Rxf4 39. Ra8+ Kh7 40. Re8 Re4 41.
Rxe4 Bxe4 42. b4 Bc2 43. a5 Bd3 44. Kg2 Be2 45. Bc3 g5 46. Bd4 Kg6 47. Bxe3 f5
48. Kf2 Ba6 49. Bc5 h5 50. Ke3 hxg4 51. hxg4 fxg4 52. Ke4 Kf7 53. Kd5 Ke8 54.
Kc6 Kd8 55. Kb6 Bf1 56. Kb7 Bg2+ 57. Kb8 Bf1 58. Bf2 Be2 59. Bg3 Kd7 60. Kb7
Bf3+ 61. Kb6 Kc8 62. Ka7 Be2 63. Kb6 Bf1 64. b5 Bxb5 65. Kxb5 Kb7 66. a6+ Ka8
67. Kb6 1/2-1/2

[Event "Qatar Masters Open 2024"]
[Site "Doha QAT"]
[Date "2024.12.04"]
[Round "2.66"]
[White "Binu, Devdutt"]
[Black "Mohamed, Anees M"]
[Result "0-1"]
[WhiteTitle "CM"]
[BlackTitle "FM"]
[WhiteElo "2274"]
[BlackElo "2344"]
[WhiteFideId "366108941"]
[BlackFideId "35065815"]
[EventDate "2024.12.03"]

1. d4 f5 2. c4 e6 3. Nc3 Nf6 4. Nf3 Bb4 5. e3 Bxc3+ 6. bxc3 b6 7. Be2 Bb7 8. O-O
d6 9. Ng5 Qd7 10. Bf3 Nc6 11. e4 fxe4 12. Nxe4 O-O-O 13. Bg5 Rdf8 14. Qe2 h6 15.
Nxf6 gxf6 16. Bh4 f5 17. c5 Na5 18. Rfe1 Re8 19. Bxb7+ Kxb7 20. cxb6 axb6 21. c4
Rhg8 22. f3 e5 23. d5 e4 24. Rac1 Qa4 25. Qc2 Qa3 26. fxe4 Rg4 27. Bf6 Rgxe4 28.
Rxe4 Rxe4 29. Qc3 Qc5+ 0-1

[Event "Qatar Masters Open 2024"]
[Site "Doha QAT"]
[Date "2024.12.04"]
[Round "2.67"]
[White "Munguntuul, Batkhuyag"]
[Black "Yakubbaeva, Nilufar"]
[Result "1-0"]
[WhiteTitle "IM"]
[BlackTitle "WGM"]
[WhiteElo "2342"]
[BlackElo "2241"]
[WhiteFideId "4900758"]
[BlackFideId "14204487"]
[EventDate "2024.12.03"]

1. e4 e5 2. Nf3 Nc6 3. Bb5 Nf6 4. Qe2 Bc5 5. c3 O-O 6. d3 d6 7. h3 a6 8. Ba4 b5
9. Bb3 Be6 10. Bg5 Bxb3 11. axb3 Qe7 12. b4 Bb6 13. Nbd2 Qe6 14. O-O a5 15. bxa5
Nxa5 16. Nh4 Nc6 17. Nf5 Ne7 18. Qf3 Kh8 19. Kh1 Nfg8 20. b4 f6 21. Be3 Bxe3 22.
fxe3 Ra2 23. Qg3 g6 24. Nxe7 Nxe7 25. Nf3 Rfa8 26. Rxa2 Rxa2 27. Qh4 Kg7 28. d4
Qc4 29. Nd2 Nf5 30. Rxf5 Qe6 31. Rf2 exd4 32. exd4 f5 33. Kh2 1-0

[Event "Qatar Masters Open 2024"]
[Site "Doha QAT"]
[Date "2024.12.04"]
[Round "2.68"]
[White "Nandhidhaa, P V"]
[Black "Sultan, Ibrahim"]
[Result "1-0"]
[WhiteTitle "WGM"]
[BlackTitle "IM"]
[WhiteElo "2339"]
[BlackElo "2205"]
[WhiteFideId "5050847"]
[BlackFideId "9301143"]
[EventDate "2024.12.03"]

1. Nf3 d5 2. g3 Nd7 3. d4 Nb6 4. Bg2 Bf5 5. a4 a5 6. Nc3 e6 7. b3 h6 8. O-O Nf6
9. Bb2 Be7 10. Nd2 O-O 11. e4 dxe4 12. Ncxe4 Nbd5 13. Qe2 c6 14. Rac1 Qc7 15. c4
Nb4 16. d5 Nxe4 17. Bxe4 Bxe4 18. Nxe4 Rae8 19. dxe6 f5 20. Nc3 Bc5 21. Rcd1 Qe7
22. Qe5 b6 23. Ne2 Kh7 24. Nf4 g5 25. Nh5 Kg6 26. Ng7 Rd8 27. g4 Rxd1 28. Rxd1
Bxf2+ 29. Kxf2 fxg4+ 30. Kg2 Rf4 31. Qe2 c5 32. Rd7 Qf8 33. e7 Qa8+ 34. Rd5 1-0